El libro del filósofo seguido de retórica y lenguaje (Registro nro. 48314)
[ vista simple ]
| 000 -ENCABEZADO | |
|---|---|
| Número de control [NR] | 00827nam a2200229Ia 4500 |
| 008 - DE LONGITUD FIJA DE DATOS DE ELEMENTOS - INFORMACIÓN GENERAL | |
| Elementos de longitud fija [NR] | 130821s2000 sp gr spa |
| 020 ## - NUMERO INTERNACIONAL NORMALIZADO PARA LIBROS [R] | |
| Número Internacional Normalizado del libro [NR] | 8430603824 |
| 040 ## - FUENTE DE CATALOGACION [NR] | |
| Agencia de catalogación original [NR] | Co-BoUCM |
| Idioma de catalogación [NR] | spa |
| 041 00 - CODIGO DE IDIOMA [R] | |
| Código de idioma para texto/pista de sonido o título separado [R] | Español |
| 100 1# - ASIENTO PRINCIPAL--NOMBRE PERSONAL [NR] | |
| Nombre personal [NR] | Nietzsche, Friedrich Wilhelm |
| Fechas asociadas con el nombre [NR] | 1844-1900 |
| ID Autoridad | 54237 |
| 245 13 - MENCION DE TITULO [NR] | |
| Título [NR] | El libro del filósofo seguido de retórica y lenguaje |
| Mención de responsabilidad, etc. [NR] | Friedrich Nietzsche |
| 250 ## - MENCION DE EDICION [NR] | |
| Mención de edición [NR] | 2a. ed. |
| 260 ## - PUBLICACION, DISTRIBUCION, ETC. (PIE DE IMPRENTA) [R] | |
| Lugar de publicación, distribución, etc. [R] | Madrid (España) |
| Nombre del editor, distribuidor, etc. [R] | Taurus |
| Fecha de publicación, distribución, etc. [R] | 2000 |
| 300 ## - DESCRIPCION FISICA [R] | |
| Extensión [R] | 189 páginas |
| 501 ## - NOTA DE “CON” [R] | |
| Nota de “Con” [NR] | Retórica y lenguaje |
| 600 14 - ASIENTO SECUNDARIO DE MATERIA - NOMBRE PERSONAL [R] | |
| Nombre personal [NR] | Nietzsche, Friedrich Wilhelm |
| Fechas asociadas con el nombre [NR] | 1844-1900 |
| Subdivisión de forma [R] | Colecciones de escritos |
| 9 (RLIN) | 131476 |
| 600 14 - ASIENTO SECUNDARIO DE MATERIA - NOMBRE PERSONAL [R] | |
| Nombre personal [NR] | Nietzsche, Friedrich Wilhelm |
| Fechas asociadas con el nombre [NR] | 1844-1900 |
| Subdivisión general [R] | Pensamiento filosófico |
| 9 (RLIN) | 162460 |
| 650 04 - ASIENTO SECUNDARIO DE MATERIA - TERMINO TEMATICO [R] | |
| Término temático o nombre geográfico como elemento de entrada [NR] | Filosofía alemana |
| 9 (RLIN) | 7622 |
| 650 04 - ASIENTO SECUNDARIO DE MATERIA - TERMINO TEMATICO [R] | |
| Término temático o nombre geográfico como elemento de entrada [NR] | Filosofía |
| 9 (RLIN) | 75 |
| 650 04 - ASIENTO SECUNDARIO DE MATERIA - TERMINO TEMATICO [R] | |
| Término temático o nombre geográfico como elemento de entrada [NR] | Lenguaje |
| 9 (RLIN) | 18359 |
| 942 ## - ELEMENTOS DE ENTRADA AGREGADOS (KOHA) | |
| Tipo de ítem principal el descrito en 300a | Libro |
| Tema principal | Filosofía |
| Edición | 2 |
| Parte restante de la signatura top. | N677L |
| Sistema de clasificación | DEWEY |
| Clasificación | 193 |
| Fecha de último préstamo | Total préstamos | Signatura topográfica | Código de barras | Última vez visto | Volúmen / Fascículo | Ejemplar | Price effective from | Tipo de ítem | Perdido | Sistema de clasificación | Dañado | No prestable | Tipo de ítem específico | Suprimido | Ubicación habitual | Ubicación actual | Localización | Fecha de creación | Forma de adquisición | Costo |
|---|---|---|---|---|---|---|---|---|---|---|---|---|---|---|---|---|---|---|---|---|
| 30/03/2012 | 6 | 193 N677L | 100085705 | 20/04/2026 | 2a. Ed. | Ej.2 | 03/02/2013 | Libro | DEWEY | Libro | Claustro | Claustro | 2do piso | 28/02/2007 | Compra | 41000.00 |